• 首页
  • 本馆介绍
  • 公告通知
  • 最新文献
  • 馆藏检索
  • 电子资源
  • 读者导购
  • 参考咨询
  • 我的图书馆
  • 登录
  • 详细信息显示
  • 放入我的书架
  • 预约/预借图书
  • 作者相关作品
  • 分类相关作品
  • 丛书相关作品
  • 出版社相关作品

书目信息

  • 表格格式
  • 工作单格式
  • 卡片格式
题名:
父母4.0
    
 
作者: 赵旦红 著
分册:  
出版信息: 北京   新华出版社  2018
页数: 180页
开本: 24cm
丛书名:
单 册:
中图分类: G78-49
科图分类:
主题词: 家庭教育--通俗读物
电子资源:
ISBN: 978-7-5166-4158-3
000 00788nam0 2200229 450
001 012001004279
005 20130128140758.0
010    @a978-7-5166-4158-3@dCNY39.00
100    @a20181129d2018 em y0chiy50 ea
101 0  @achi
102    @aCN@b110000
105    @ay z 000yy
106    @ar
200 1  @a父母4.0@9fu mu 4.0@f赵旦红著
210    @a北京@c新华出版社@d2018
215    @a180页@d24cm
330    @a本书选取了当代经典案例,借用工业4.0的概念从古今中外4个维度阐释互联网时代父母在家庭教育中的原有内涵,突出了父母要静心修行,做最好的自己,要求父母遵守规则,遵循规律,智慧育儿,从根源上解决子女的教育问题。
606 0  @a家庭教育@j通俗读物
690    @aG78-49@v5
701  0 @a赵旦红@9zhao dan hong@4著
801  0 @aCN@b江苏凤凰@c20191020
905    @b1219764-7@dG78-49@e1106@f4
    
    父母4.0/赵旦红著.-北京:新华出版社,2018
    180页;24cm
    
    
    ISBN 978-7-5166-4158-3:CNY39.00
    本书选取了当代经典案例,借用工业4.0的概念从古今中外4个维度阐释互联网时代父母在家庭教育中的原有内涵,突出了父母要静心修行,做最好的自己,要求父母遵守规则,遵循规律,智慧育儿,从根源上解决子女的教育问题。
●
相关链接 在E读中查询图书 在五车中查询图书 在当当中查询图书 在豆瓣中查询图书


正题名:父母4.0     索取号:G78-49/1106         预约/预借

序号 登录号 条形码 馆藏地/架位号 状态 备注
1 1219764   212197647   第一样本阅览室/ [索取号:G78-49/1106] 在馆    
2 1219765   212197656   教育系资料室/ [索取号:G78-49/1106] 在馆    
3 1219766   212197665   教育系资料室/ [索取号:G78-49/1106] 在馆    
4 1219767   212197674   第四借阅区/ [索取号:G78-49/1106] 在馆    
唐山师范学院图书馆 欢迎您!
大连网信软件有限公司© 版权所有